00437nam a22001577a 450000500170000001000150001702000260003203500130005803700130007108200100008410000220009424500570011626000460017327000390021930000210025820151014114913.0 aENG-113704 a9788189430153c150.00 aEN-97236 bDBAD/PUB a204.4 aKriyananda, Swami aAffirmations for self healing /cby Swami Kriyananda aGurgaonbAnanda Sangha Publicationsc2014 aB-108 DLF Phase IbGurgaone122002 a125p.c20cm(pbk)